[Event "Charlotte Open 2020"]
[Site "Charlotte"]
[Date "2020.01.02"]
[Round "2.15"]
[White "Rutten, Alexander"]
[Black "Karthik Venkataraman"]
[Result "0-1"]
[WhiteElo "2000"]
[BlackElo "2470"]
[Annotator "TA"]
[PlyCount "54"]
[EventDate "2020.01.02"]
[EventType "swiss"]
[EventCountry "USA"]
[SourceTitle "playchess.com"]
[Source "ChessBase"]
[SourceQuality "1"]

{[%evp 9,84,20,39,-10,0,0,25,26,15,-13,-14,-16,-25,-38,-32,-43,-23,-42,-43,-37,-39,-64,-32,-76,-73,-154,-149,-154,-170,-157,-146,-167,-149,-165,-156,-162,-161,-166,-128,-145,-146,-184,-164,-160,-169,-143,-157,-142,-121,-150,-141,-164,-158,-141,-77,-199,-191,-190,-199,-198,-192,-331,-331,-331,-331,-331,-318,-303,-303,-400,-387,-874,-891,-794,-776,-710,-699]} 1. e4 c5 2. Nf3 d6 3. d4 cxd4 4. Qxd4 Nf6 5. e5 Nc6 6. Qa4 {B53: Sicilian: 2...d6: Lines with Qxd4} (6. Bb5 Qa5+ 7. Nc3 Qxb5 8. Nxb5 Nxd4 9. Nfxd4 dxe5 10. Nc7+ Kd7 11. Nxa8 exd4 12. Bf4 Nd5 13. O-O-O Kc6 14. Rxd4 e6 {0-1 (40) Plat,V (2569)-Vachier Lagrave,M (2793) chess.com INT 2018}) 6... dxe5 7. Nxe5 Qd4 8. Qxd4 {White has an edge.} Nxd4 9. Bd3 (9. Na3 {is interesting.} a6 10. c3 Nf5 11. Be2 Nd5 12. Bf3) 9... Bf5 10. Bxf5 Nxf5 11. c3 e6 12. Nd2 $146 ({Predecessor:} 12. g4 Nh4 13. Nd2 {0-1 (46) Strukov,V-Yashkov,Y RCCA 1997}) 12... Bd6 13. Ndf3 Nd5 $36 {[%mdl 2048] White is under pressure.} 14. O-O f6 15. Nd3 O-O-O 16. c4 Nc7 17. Kh1 {[#]} (17. Nde1 $142) 17... Bxh2 $1 $17 {[%mdl 512]} 18. Nc5 (18. Nxh2 Rxd3) 18... Bd6 19. Ne4 Be7 20. b3 Na6 21. a3 Rd3 22. b4 Rhd8 23. Bb2 Nb8 24. Rfe1 Nc6 25. Nc3 Ncd4 26. Nxd4 R8xd4 27. c5 e5 {Played: Rd3-d2} 0-1

[Event "Charlotte Open 2020"]
[Site "Charlotte"]
[Date "2020.01.02"]
[Round "2.16"]
[White "Escalante Ramirez, Brian Sebasti"]
[Black "Polgar-Shutzman, Tom"]
[Result "1-0"]
[WhiteElo "2421"]
[BlackElo "2233"]
[Annotator "ChessBase"]
[PlyCount "105"]
[EventDate "2020.01.02"]
[EventType "swiss"]
[EventCountry "USA"]
[SourceTitle "playchess.com"]
[Source "ChessBase"]
[SourceQuality "1"]
[TimeControl "6000+30"]

1. f4 {[%emt 1:40:30]} d5 {[%emt 1:40:30]} 2. Nf3 {[%emt 0:00:30]} Nf6 {[%emt 0:00:30]} 3. g3 {[%emt 0:00:30]} g6 {[%emt 0:00:30]} 4. Bg2 {[%emt 0:00:30]} Bg7 {[%emt 0:00:30]} 5. O-O {[%emt 0:00:30]} O-O {[%emt 0:00:30]} 6. d3 {[%emt 0:00:30]} c5 {[%emt 0:00:30]} 7. Qe1 {[%emt 0:00:30]} Nc6 {[%emt 0:00:30]} 8. e4 {[%emt 0:00:30]} dxe4 {[%emt 0:00:30]} 9. dxe4 {[%emt 0:00:30]} e5 {[%emt 0:00:30]} 10. f5 {[%emt 0:00:30]} Nd4 {[%emt 0:00:30]} 11. Nxd4 {[%emt 0:00:30]} exd4 {[%emt 0:00:30]} 12. e5 {[%emt 0:00:30]} Re8 {[%emt 0:00:30]} 13. fxg6 {[%emt 0:00:30]} hxg6 {[%emt 0:00:30]} 14. Bg5 {[%emt 0:00:30]} d3 {[%emt 0:00:30]} 15. Qf2 {[%emt 0:00:30]} Rxe5 {[%emt 0:00:30]} 16. Bxf6 {[%emt 0:00:30]} Bxf6 {[%emt 0:00:30]} 17. Qxf6 {[%emt 0:00:30]} Qxf6 {[%emt 0:00:30]} 18. Rxf6 dxc2 {[%emt 0:00:30]} 19. Nc3 {[%emt 0:01:00]} Bf5 {[%emt 0:00:30]} 20. Rc1 {[%emt 0:00:30]} Rae8 {[%emt 0:00:30]} 21. Rxf5 {[%emt 0:00:30]} Rxf5 {[%emt 0:00:30]} 22. Bxb7 {[%emt 0:00:30]} Rb8 {[%emt 0:00:30]} 23. Be4 {[%emt 0:00:30]} Re5 {[%emt 0:00:30]} 24. Rxc2 {[%emt 0:00:30]} Rb4 {[%emt 0:00:30]} 25. Bf3 {[%emt 0:00:30]} Kg7 {[%emt 0:00:30]} 26. Kf2 {[%emt 0:00:30]} Rc4 {[%emt 0:00:30]} 27. b3 {[%emt 0:00:30]} Rd4 {[%emt 0:00:30]} 28. Na4 {[%emt 0:00:30]} c4 {[%emt 0:00:30]} 29. bxc4 {[%emt 0:00:30]} Ra5 {[%emt 0:00:30]} 30. Ke3 {[%emt 0:00:30]} Rd7 {[%emt 0:00:30]} 31. Nc3 {[%emt 0:00:30]} Re5+ {[%emt 0:00:30]} 32. Kf2 {[%emt 0:00:30]} Rd3 {[%emt 0:00:30]} 33. Be2 {[%emt 0:00:30]} Rf5+ {[%emt 0:00:30]} 34. Ke1 {[%emt 0:00:30]} Re3 {[%emt 0:00:30]} 35. Nb5 {[%emt 0:00:30]} Re7 {[%emt 0:00:30]} 36. c5 {[%emt 0:00:30]} a6 {[%emt 0:00:30]} 37. c6 {[%emt 0:00:30]} Rxb5 {[%emt 0:00:30]} 38. c7 {[%emt 0:00:30]} Rb1+ {[%emt 0:00:30]} 39. Kd2 {[%emt 0:00:30]} Rd7+ {[%emt 0:00:30]} 40. Bd3 {[%emt 0:00:30]} Rxc7 {[%emt 0:00:30]} 41. Rxc7 {[%emt 0:00:30]} Rh1 {[%emt 0:00:30]} 42. h4 {[%emt 0:00:30]} Rg1 {[%emt 0:00:30]} 43. Bxa6 {[%emt 0:00:30]} Rxg3 {[%emt 0:00:30]} 44. Bc4 {[%emt 0:00:30]} Rg4 {[%emt 0:00:30]} 45. Rxf7+ {[%emt 0:00:30]} Kh6 {[%emt 0:00:30]} 46. Kc3 {[%emt 0:00:30]} Rxh4 {[%emt 0:00:30]} 47. a4 {[%emt 0:00:30]} Rh1 {[%emt 0:00:30]} 48. Rf1 {[%emt 0:00:30]} Rh5 {[%emt 0:00:30]} 49. Kb4 {[%emt 0:00:30]} g5 {[%emt 0:00:30]} 50. a5 {[%emt 0:00:30]} g4 {[%emt 0:00:30]} 51. a6 {[%emt 0:00:30]} Kg5 {[%emt 0:00:30]} 52. a7 {[%emt 0:00:30]} Rh8 {[%emt 0:00:30]} 53. Bd5 {[%emt 0:00:30]} 1-0

[Event "Charlotte Open 2020"]
[Site "Charlotte"]
[Date "2020.01.02"]
[Round "2.17"]
[White "Tsolakidou, Stavroula"]
[Black "Venkat, Raghav"]
[Result "1/2-1/2"]
[WhiteElo "2403"]
[BlackElo "2141"]
[Annotator "ChessBase"]
[PlyCount "83"]
[EventDate "2020.01.02"]
[EventType "swiss"]
[EventCountry "USA"]
[SourceTitle "playchess.com"]
[Source "ChessBase"]
[SourceQuality "1"]
[TimeControl "6000+30"]

1. d4 {[%emt 1:40:30]} Nf6 {[%emt 1:40:30]} 2. Nf3 {[%emt 0:00:30]} e6 {[%emt 0:00:30]} 3. c4 {[%emt 0:00:30]} d5 {[%emt 0:00:30]} 4. Nc3 {[%emt 0:00:30]} Be7 {[%emt 0:00:30]} 5. Bf4 {[%emt 0:00:30]} O-O {[%emt 0:00:30]} 6. e3 {[%emt 0:00:30]} dxc4 {[%emt 0:00:30]} 7. Bxc4 {[%emt 0:00:30]} a6 {[%emt 0:00:30]} 8. O-O {[%emt 0:00:30]} b5 {[%emt 0:00:30]} 9. Bd3 {[%emt 0:00:30]} Bb7 {[%emt 0:00:30]} 10. Qe2 {[%emt 0:00:30]} Nbd7 {[%emt 0:00:30]} 11. Rfd1 {[%emt 0:00:30]} c5 {[%emt 0:00:30]} 12. dxc5 {[%emt 0:00:30]} b4 {[%emt 0:00:30]} 13. Na4 {[%emt 0:00:30]} Qa5 {[%emt 0:00:30]} 14. Nb6 {[%emt 0:00:30]} Nxb6 {[%emt 0:00:30]} 15. cxb6 {[%emt 0:00:30]} Qxb6 {[%emt 0:00:30]} 16. e4 {[%emt 0:00:30]} Rfd8 {[%emt 0:00:30]} 17. Rac1 {[%emt 0:00:30]} Rac8 {[%emt 0:00:30]} 18. Ne5 {[%emt 0:00:30]} Qd4 {[%emt 0:00:30]} 19. Rxc8 {[%emt 0:00:30]} Rxc8 {[%emt 0:00:30]} 20. Bb1 {[%emt 0:00:30]} Qc5 {[%emt 0:00:30]} 21. Nd3 {[%emt 0:00:30]} Qh5 {[%emt 0:00:30]} 22. f3 {[%emt 0:00:30]} Bxe4 {[%emt 0:00:30]} 23. g4 {[%emt 0:00:30]} Bxd3 {[%emt 0:00:30]} 24. Bxd3 {[%emt 0:00:30]} Qc5+ {[%emt 0:00:30]} 25. Be3 {[%emt 0:00:30]} Qxe3+ {[%emt 0:00:30]} 26. Qxe3 {[%emt 0:00:30]} Bc5 {[%emt 0:00:30]} 27. Qxc5 {[%emt 0:00:30]} Rxc5 {[%emt 0:00:30]} 28. Bxa6 {[%emt 0:00:30]} g6 {[%emt 0:00:30]} 29. Bd3 {[%emt 0:00:30]} Nd5 {[%emt 0:00:30]} 30. Kf2 {[%emt 0:00:30]} Kf8 {[%emt 0:00:30]} 31. Be4 {[%emt 0:00:30]} Nf6 {[%emt 0:00:30]} 32. Bb1 {[%emt 0:00:30]} Ke7 {[%emt 0:00:30]} 33. Rd4 {[%emt 0:00:30]} Rc1 {[%emt 0:00:30]} 34. Bd3 {[%emt 0:00:30]} Nd5 {[%emt 0:00:30]} 35. Be4 {[%emt 0:00:30]} Ra1 {[%emt 0:00:30]} 36. Bxd5 {[%emt 0:00:30]} exd5 {[%emt 0:00:30]} 37. Rxb4 {[%emt 0:00:30]} Rxa2 {[%emt 0:00:30]} 38. Ke3 {[%emt 0:00:30]} Ra1 {[%emt 0:00:30]} 39. Rb7+ {[%emt 0:00:30]} Ke6 {[%emt 0:00:30]} 40. Rb6+ {[%emt 0:00:30]} Ke7 {[%emt 0:00:30]} 41. Rb7+ {[%emt 0:00:30]} Ke6 {[%emt 0:00:30]} 42. Kd4 {[%emt 0:00:30]} 1/2-1/2

[Event "Charlotte Open 2020"]
[Site "Charlotte"]
[Date "2020.01.02"]
[Round "2.18"]
[White "Sarkar, Justin"]
[Black "Mahajan, Rushaan"]
[Result "1-0"]
[WhiteElo "2385"]
[BlackElo "2006"]
[Annotator "ChessBase"]
[PlyCount "71"]
[EventDate "2020.01.02"]
[EventType "swiss"]
[EventCountry "USA"]
[SourceTitle "playchess.com"]
[Source "ChessBase"]
[SourceQuality "1"]
[TimeControl "6000+30"]

1. e4 {[%emt 1:40:30]} c6 {[%emt 1:40:30]} 2. d4 {[%emt 0:00:30]} d5 {[%emt 0:00:30]} 3. exd5 {[%emt 0:00:30]} cxd5 {[%emt 0:00:30]} 4. Bd3 {[%emt 0:00:30]} Nc6 {[%emt 0:00:30]} 5. c3 {[%emt 0:00:30]} Nf6 {[%emt 0:00:30]} 6. h3 {[%emt 0:00:30]} e6 {[%emt 0:00:30]} 7. Bf4 {[%emt 0:00:30]} Bd6 {[%emt 0:00:30]} 8. Bxd6 {[%emt 0:00:30]} Qxd6 {[%emt 0:00:30]} 9. Nf3 {[%emt 0:00:30]} Nh5 {[%emt 0:00:30]} 10. O-O {[%emt 0:00:30]} Nf4 {[%emt 0:00:30]} 11. Re1 {[%emt 0:00:30]} Nxd3 {[%emt 0:00:30]} 12. Qxd3 {[%emt 0:00:30]} f6 {[%emt 0:00:30]} 13. c4 {[%emt 0:00:30]} Nb4 {[%emt 0:00:30]} 14. Qc3 {[%emt 0:00:30]} dxc4 {[%emt 0:00:30]} 15. Qxc4 {[%emt 0:00:30]} O-O {[%emt 0:00:30]} 16. Nbd2 {[%emt 0:00:30]} Nd5 {[%emt 0:00:30]} 17. Ne4 {[%emt 0:00:30]} Qb4 {[%emt 0:00:30]} 18. b3 {[%emt 0:00:30]} Qxc4 {[%emt 0:00:30]} 19. bxc4 {[%emt 0:00:30]} Nf4 {[%emt 0:00:30]} 20. g3 {[%emt 0:00:30]} Nd3 {[%emt 0:00:30]} 21. Re3 {[%emt 0:00:30]} Nb4 {[%emt 0:00:30]} 22. Rb1 {[%emt 0:00:30]} Na6 {[%emt 0:00:30]} 23. c5 {[%emt 0:00:30]} Nc7 {[%emt 0:00:30]} 24. Nd6 {[%emt 0:00:30]} Nd5 {[%emt 0:00:30]} 25. Ra3 {[%emt 0:00:30]} a6 {[%emt 0:00:30]} 26. Nxc8 {[%emt 0:00:30]} Rfxc8 {[%emt 0:00:30]} 27. Rxb7 {[%emt 0:00:30]} Rc6 {[%emt 0:00:30]} 28. Rab3 {[%emt 0:00:30]} Rac8 {[%emt 0:00:30]} 29. Rd7 {[%emt 0:00:30]} R6c7 {[%emt 0:00:30]} 30. Rd6 {[%emt 0:00:30]} Rc6 {[%emt 0:00:30]} 31. Nd2 {[%emt 0:00:30]} Kf8 {[%emt 0:00:30]} 32. Rb7 {[%emt 0:00:30]} Rxd6 {[%emt 0:00:30]} 33. cxd6 {[%emt 0:00:30]} Nc3 {[%emt 0:00:30]} 34. Rc7 {[%emt 0:00:30]} Rd8 {[%emt 0:00:30]} 35. Rxc3 {[%emt 0:00:30]} Rxd6 {[%emt 0:00:30]} 36. Nb3 {[%emt 0:00:30]} 1-0

[Event "Charlotte Open 2020"]
[Site "Charlotte"]
[Date "2020.01.02"]
[Round "2.19"]
[White "Mulyar, Michael"]
[Black "Ngo, Bach"]
[Result "1-0"]
[WhiteElo "2380"]
[BlackElo "2027"]
[Annotator "ChessBase"]
[PlyCount "95"]
[EventDate "2020.01.02"]
[EventType "swiss"]
[EventCountry "USA"]
[SourceTitle "playchess.com"]
[Source "ChessBase"]
[SourceQuality "1"]
[TimeControl "6000+30"]

1. d4 {[%emt 1:40:30]} Nf6 {[%emt 1:40:30]} 2. Nf3 {[%emt 0:00:30]} e6 {[%emt 0:00:30]} 3. c4 {[%emt 0:00:30]} Bb4+ {[%emt 0:00:30]} 4. Bd2 {[%emt 0:00:30]} Qe7 {[%emt 0:00:30]} 5. g3 {[%emt 0:00:30]} Nc6 {[%emt 0:00:30]} 6. Nc3 {[%emt 0:00:30]} Bxc3 {[%emt 0:00:30]} 7. Bxc3 {[%emt 0:00:30]} Ne4 {[%emt 0:00:30]} 8. Rc1 {[%emt 0:00:30]} O-O {[%emt 0:00:30]} 9. Bg2 {[%emt 0:00:30]} Nxc3 {[%emt 0:00:30]} 10. Rxc3 {[%emt 0:00:30]} d6 {[%emt 0:00:30]} 11. d5 {[%emt 0:00:30]} Nb8 {[%emt 0:00:30]} 12. dxe6 {[%emt 0:00:30]} fxe6 {[%emt 0:00:30]} 13. O-O {[%emt 0:00:30]} e5 {[%emt 0:00:30]} 14. c5 {[%emt 0:00:30]} Nc6 {[%emt 0:00:30]} 15. cxd6 {[%emt 0:00:30]} cxd6 {[%emt 0:00:30]} 16. Ne1 {[%emt 0:00:30]} Be6 {[%emt 0:00:30]} 17. Nc2 {[%emt 0:00:30]} Rac8 {[%emt 0:00:30]} 18. Qd2 {[%emt 0:00:30]} Kh8 {[%emt 0:00:30]} 19. b3 {[%emt 0:00:30]} d5 {[%emt 0:00:30]} 20. Bxd5 {[%emt 0:00:30]} Bxd5 {[%emt 0:00:30]} 21. Qxd5 {[%emt 0:00:30]} Nd4 {[%emt 0:00:30]} 22. Rxc8 {[%emt 0:00:30]} Nxe2+ {[%emt 0:00:30]} 23. Kg2 {[%emt 0:00:30]} Rxc8 {[%emt 0:00:30]} 24. Qd2 {[%emt 0:00:30]} Nc3 {[%emt 0:00:30]} 25. Ne3 {[%emt 0:00:30]} Qd8 {[%emt 0:00:30]} 26. Qxd8+ {[%emt 0:00:30]} Rxd8 {[%emt 0:00:30]} 27. Rc1 {[%emt 0:00:30]} Nxa2 {[%emt 0:00:30]} 28. Rc7 {[%emt 0:00:30]} b6 {[%emt 0:00:30]} 29. Rxa7 {[%emt 0:00:30]} Nc1 {[%emt 0:00:30]} 30. b4 {[%emt 0:00:30]} Nd3 {[%emt 0:00:30]} 31. b5 {[%emt 0:00:30]} Rf8 {[%emt 0:00:30]} 32. Ra2 {[%emt 0:00:30]} h6 {[%emt 0:00:30]} 33. Nd5 {[%emt 0:00:30]} e4 {[%emt 0:00:30]} 34. Nxb6 {[%emt 0:00:30]} Rb8 {[%emt 0:00:30]} 35. Ra8 {[%emt 0:00:30]} Rxa8 {[%emt 0:00:30]} 36. Nxa8 {[%emt 0:00:30]} Nc5 {[%emt 0:00:30]} 37. Kf1 {[%emt 0:00:30]} Kg8 {[%emt 0:00:30]} 38. Ke2 {[%emt 0:00:30]} Kf7 {[%emt 0:00:30]} 39. Ke3 {[%emt 0:00:30]} Ke6 {[%emt 0:00:30]} 40. Nb6 {[%emt 0:00:30]} Kd6 {[%emt 0:00:30]} 41. Nc4+ {[%emt 0:00:30]} Kd5 {[%emt 0:00:30]} 42. Nd2 {[%emt 0:00:30]} g6 {[%emt 0:00:30]} 43. h4 {[%emt 0:00:30]} g5 {[%emt 0:00:30]} 44. hxg5 {[%emt 0:00:30]} hxg5 {[%emt 0:00:30]} 45. b6 {[%emt 0:00:30]} Kc6 {[%emt 0:00:30]} 46. Nxe4 {[%emt 0:00:30]} Ne6 {[%emt 0:00:30]} 47. Kf3 {[%emt 0:00:30]} Kxb6 {[%emt 0:00:30]} 48. Kg4 {[%emt 0:00:30]} 1-0

[Event "Charlotte Open 2020"]
[Site "Charlotte"]
[Date "2020.01.02"]
[Round "2.20"]
[White "Xu, Grant"]
[Black "Vigorito, David"]
[Result "1/2-1/2"]
[WhiteElo "2228"]
[BlackElo "2368"]
[Annotator "ChessBase"]
[PlyCount "107"]
[EventDate "2020.01.02"]
[EventType "swiss"]
[EventCountry "USA"]
[SourceTitle "playchess.com"]
[Source "ChessBase"]
[SourceQuality "1"]
[TimeControl "6000+30"]

1. e4 {[%emt 1:40:30]} c6 {[%emt 1:40:30]} 2. d4 {[%emt 0:00:30]} d5 {[%emt 0:00:30]} 3. Nd2 {[%emt 0:00:30]} dxe4 {[%emt 0:00:30]} 4. Nxe4 {[%emt 0:00:30]} Bf5 {[%emt 0:00:30]} 5. Ng3 {[%emt 0:00:30]} Bg6 {[%emt 0:00:30]} 6. h4 {[%emt 0:00:30]} h6 {[%emt 0:00:30]} 7. Nh3 {[%emt 0:00:30]} Nf6 {[%emt 0:00:30]} 8. Nf4 {[%emt 0:00:30]} Bh7 {[%emt 0:00:30]} 9. c3 {[%emt 0:00:30]} e6 {[%emt 0:00:30]} 10. Bd3 {[%emt 0:00:30]} Bxd3 {[%emt 0:00:30]} 11. Qxd3 {[%emt 0:00:30]} Nbd7 {[%emt 0:00:30]} 12. Bd2 {[%emt 0:00:30]} Qc7 {[%emt 0:00:30]} 13. O-O-O {[%emt 0:00:30]} O-O-O {[%emt 0:00:30]} 14. Qf3 {[%emt 0:00:30]} Bd6 {[%emt 0:00:30]} 15. Nfh5 {[%emt 0:00:30]} Rhg8 {[%emt 0:00:30]} 16. Nxf6 {[%emt 0:00:30]} Nxf6 {[%emt 0:00:30]} 17. Ne4 {[%emt 0:00:30]} Nxe4 {[%emt 0:00:30]} 18. Qxe4 {[%emt 0:00:30]} Qa5 {[%emt 0:00:30]} 19. Kb1 {[%emt 0:00:30]} Qd5 {[%emt 0:00:30]} 20. Rhe1 {[%emt 0:00:30]} Qxe4+ {[%emt 0:00:30]} 21. Rxe4 {[%emt 0:00:30]} h5 {[%emt 0:00:30]} 22. Kc2 {[%emt 0:00:30]} b5 {[%emt 0:00:30]} 23. b3 {[%emt 0:00:30]} Kb7 {[%emt 0:00:30]} 24. f3 {[%emt 0:00:30]} Rd7 {[%emt 0:00:30]} 25. Rg1 {[%emt 0:00:30]} Rh8 {[%emt 0:00:30]} 26. g3 {[%emt 0:00:30]} a6 {[%emt 0:00:30]} 27. Be1 {[%emt 0:00:30]} c5 {[%emt 0:00:30]} 28. Bf2 {[%emt 0:00:30]} Kc6 {[%emt 0:00:30]} 29. Rd1 {[%emt 0:00:30]} c4 {[%emt 0:00:30]} 30. Ra1 {[%emt 0:00:30]} Rb7 {[%emt 0:00:30]} 31. Ree1 {[%emt 0:00:30]} Kd5 {[%emt 0:00:30]} 32. Reb1 {[%emt 0:00:30]} Rc8 {[%emt 0:00:30]} 33. b4 {[%emt 0:00:30]} Ra8 {[%emt 0:00:30]} 34. a4 {[%emt 0:00:30]} Rba7 {[%emt 0:00:30]} 35. axb5 {[%emt 0:00:30]} axb5 {[%emt 0:00:30]} 36. Rxa7 {[%emt 0:00:30]} Rxa7 {[%emt 0:00:30]} 37. Kb2 {[%emt 0:00:30]} g6 {[%emt 0:00:30]} 38. Rg1 {[%emt 0:00:30]} Ra8 {[%emt 0:00:30]} 39. Be3 {[%emt 0:00:30]} Bc7 {[%emt 0:00:30]} 40. Bf4 {[%emt 0:00:30]} Bd8 {[%emt 0:00:30]} 41. Re1 {[%emt 0:00:30]} Bf6 {[%emt 0:00:30]} 42. Be5 {[%emt 0:00:30]} Be7 {[%emt 0:00:30]} 43. Bf4 {[%emt 0:00:30]} Bf6 {[%emt 0:00:30]} 44. g4 {[%emt 0:00:30]} hxg4 {[%emt 0:00:30]} 45. fxg4 {[%emt 0:00:30]} Bxh4 {[%emt 0:00:30]} 46. Re5+ {[%emt 0:00:30]} Kc6 {[%emt 0:00:30]} 47. Rc5+ {[%emt 0:00:30]} Kb6 {[%emt 0:00:30]} 48. g5 {[%emt 0:00:30]} Ra7 {[%emt 0:00:30]} 49. Rc8 {[%emt 0:00:30]} Rd7 {[%emt 0:00:30]} 50. Rh8 {[%emt 0:00:30]} Be1 {[%emt 0:00:30]} 51. Rh1 {[%emt 0:00:30]} Bf2 {[%emt 0:00:30]} 52. Rf1 {[%emt 0:00:30]} Bh4 {[%emt 0:00:30]} 53. Rh1 {[%emt 0:00:30]} Bf2 {[%emt 0:00:30]} 54. Rf1 {[%emt 0:00:30]} 1/2-1/2

[Event "Charlotte Open 2020"]
[Site "Charlotte"]
[Date "2020.01.03"]
[Round "3.1"]
[White "Hilby, Craig"]
[Black "Lenderman, Aleksandr"]
[Result "1/2-1/2"]
[WhiteElo "2434"]
[BlackElo "2638"]
[Annotator "TA"]
[PlyCount "31"]
[EventDate "2020.01.02"]
[EventType "swiss"]
[EventCountry "USA"]
[SourceTitle "playchess.com"]
[Source "ChessBase"]
[SourceQuality "1"]

{[%evp 9,31,14,22,0,26,15,13,13,25,20,18,20,25,7,26,22,33,7,25,23,17,20,37,22]} 1. d4 e6 2. Nf3 d5 3. g3 Nf6 4. Bg2 b5 5. O-O Bb7 6. b3 {A46: 1 d4 Nf6 2 Nf3 e6: Torre, London and Colle Systems} (6. a4 b4 7. a5 Be7 8. c3 O-O 9. cxb4 Bxb4 10. Qb3 Qe7 11. Bd2 Na6 12. Rc1 Rab8 13. Bxb4 Nxb4 {½-½ (25) Meier,G (2628)-Vallejo Pons,F (2693) Karlsruhe/Baden Baden 2019}) 6... b4 7. Ne5 $146 ({Predecessor:} 7. c3 bxc3 8. Nxc3 Be7 9. Bg5 O-O 10. Rc1 Nbd7 11. Na4 c6 12. Ne1 e5 13. dxe5 Nxe5 {½-½ (44) Lei,T (2232)-Ding,Y (2427) China 2013}) 7... Be7 8. c4 {The position is equal.} bxc3 9. Nxc3 O-O 10. Na4 Nbd7 11. Nd3 Bc6 12. Nc3 Qb8 13. Bb2 Qb7 14. Qc2 Rfc8 15. Rfc1 a5 16. e3 {Accuracy: White = 74%, Black = 79%.} 1/2-1/2

[Event "Charlotte Open 2020"]
[Site "Charlotte"]
[Date "2020.01.03"]
[Round "3.2"]
[White "Peng, Shunkai"]
[Black "Chandra, Akshat"]
[Result "1/2-1/2"]
[WhiteElo "2315"]
[BlackElo "2524"]
[Annotator "TA"]
[PlyCount "60"]
[EventDate "2020.01.02"]
[EventType "swiss"]
[EventCountry "USA"]
[SourceTitle "playchess.com"]
[Source "ChessBase"]
[SourceQuality "1"]

{[%evp 12,60,8,24,35,11,18,22,23,0,0,0,0,0,4,0,5,0,0,-15,5,-11,0,-12,-14,-15,-12,-14,-16,-10,-27,-21,-21,-15,-16,-34,152,154,140,118,183,154,188,115,158,161,157,147,128,25,23]} 1. e4 c5 2. Nf3 d6 3. d4 cxd4 4. Nxd4 Nf6 5. Nc3 a6 6. h3 e5 7. Nde2 h5 {B90: Sicilian Najdorf: Unusual White 6th moves, 6 Be3 Ng4 and 6 Be3 e5} 8. g3 Be6 9. Bg2 b5 {The position is equal.} 10. a4 b4 $1 {[%cal Rb4c3]} 11. Nd5 Nxd5 12. exd5 Bf5 13. a5 $146 ({Predecessor:} 13. c3 bxc3 14. Nxc3 Be7 15. O-O {½-½ (31) Santos Ruiz,M (2560)-Wei,Y (2721) Khanty-Mansiysk 2019}) 13... Nd7 14. O-O Rb8 15. Bd2 Nf6 16. c3 b3 17. Ra3 Bc2 18. Qe1 Be7 19. Nc1 $1 O-O 20. Qe2 Qc8 21. Re1 e4 22. Bf1 Nxd5 {White must now prevent ...Bf6.} 23. Qxa6 Bf6 $2 (23... Qf5 $15 {keeps the upper hand.}) 24. Qxc8 $16 Rfxc8 25. Ne2 $1 Be5 (25... Ra8 $16) 26. a6 $18 {[%cal Ba5a6,Ba6a7][%mdl 32]} Nb6 {[#] And now ...Nc4 would win.} 27. Nc1 (27. Nf4 $1 $18) 27... Nc4 28. Bxc4 $1 Rxc4 29. a7 Ra8 {[#]} 30. Nxb3 (30. Ne2 $1 $16) 30... Bxb3 {Accuracy: White = 48%, Black = 56%.} 1/2-1/2

[Event "Charlotte Open 2020"]
[Site "Charlotte"]
[Date "2020.01.03"]
[Round "3.3"]
[White "Jacobson, Brandon"]
[Black "Zapata, Alonso"]
[Result "1-0"]
[WhiteElo "2472"]
[BlackElo "2434"]
[Annotator "TA"]
[PlyCount "71"]
[EventDate "2020.01.02"]
[EventType "swiss"]
[EventCountry "USA"]
[SourceTitle "playchess.com"]
[Source "ChessBase"]
[SourceQuality "1"]

{[%evp 15,71,65,58,58,94,77,81,73,80,86,101,103,106,106,99,102,102,96,116,114,119,94,139,147,126,127,132,132,156,127,126,127,102,96,98,109,146,138,119,7,0,18,22,15,47,0,11,0,36,37,102,129,166,181,240,248,438,422]} 1. d4 Nf6 2. c4 d6 ({Predecessor:} 2... g6 3. Nc3 Bg7 4. e4 d6 5. Be2 O-O 6. Nf3 Nbd7 7. O-O c6 8. Qc2 e5 9. d5 Qe7 10. Be3 a5 11. Nd2 Nc5 {1-0 (41) Goodman,D (2340)-Williams,A New York 1979}) 3. Nf3 Nbd7 4. Nc3 c6 5. e4 e5 6. Be2 g6 7. O-O Bg7 8. d5 Nc5 9. Qc2 {E90: King's Indian: Classical: Early deviations and 6 h3} a5 10. Be3 Qe7 11. a3 $146 {White is better.} (11. Nxe5 cxd5 12. cxd5 Ncxe4 13. Qa4+ Kf8 14. Nxe4 Nxe4 15. Qxe4 Bxe5 16. Rac1 Qd8 {1-0 (32) Kosyrev,V (2546)-Iuldachev,S (2480) Moscow 2006}) 11... O-O 12. Nd2 Bd7 13. b4 $1 {[%cal Rb4c5]} axb4 14. axb4 Na6 15. Qb3 Rfb8 16. Na4 cxd5 17. cxd5 {Threatens to win with Nb6.} Bxa4 18. Rxa4 Nd7 19. Bxa6 bxa6 20. Qd3 Nf6 21. f3 Nh5 22. Rc1 Nf4 23. Qf1 $1 Bh6 24. Kh1 {And now g3 would win.} Qf8 {Black wants to play ...Nxd5!} 25. Nc4 (25. Rxa6 Nxd5 26. Bxh6 Qxh6 $11) 25... f5 26. Rca1 Nh5 27. Qc1 (27. Bg1 $16) 27... Bxe3 $11 28. Qxe3 {Hoping for exf5.} fxe4 $1 29. fxe4 Rb7 30. Kg1 (30. Na5 $5 {[%cal Ra5b7]} Rf7 31. Kg1 $11) 30... Rab8 31. Rf1 Nf4 32. g3 $36 {[%mdl 2048] White has some pressure.} Nh3+ (32... Rc8 $14) 33. Kg2 $16 Qe8 {[#]} 34. Ra2 $1 Qd7 {[#]} (34... Rxb4 {is a better defense.} 35. Nxd6 Qd7) 35. Qh6 $1 $18 {[%cal Rh6h3]} ({Much less strong is} 35. Rxa6 $6 Qg4) 35... Rxb4 $2 (35... Qg4) 36. Nd2 {Accuracy: White = 74%, Black = 56%.} ({Stronger than} 36. Qxh3 Qxh3+ 37. Kxh3 Rxc4 $11) 1-0